Станиславского К.

Доступно только в Электронных читальных залах Найти на картеНа карте
RUSMARC
00003940nac2a22002891x 450
001264b3111-9410-4467-ac6c-8b1599bc287d
00520140115072004.0
100##$a20130529l1926 k y0rusy50 ca
1010#$arus
102##$aRU
105##$ay z |||||
1220#$ad19260912
2001#$aСтаниславского К.
$j12 сентября 1926
215##$a1 лист
251##$cДело
300##$aЗаголовок дела на папке: Письмо Станиславского К. Кони Анатолию Федоровичу
300##$a1 письмо
300##$aМашинописный текст
330##$aПереписка А. Ф. Кони; Письма к А. Ф. Кони
461#0$10013a54f2e3-e9cf-409b-80fa-f0a9bd3c40cb
$12001
$aКони Анатолий Федорович, юрист, литератор, член академии наук, председатель Санкт-Петербургского окружного суда, член государственного совета
$1251
$cФонд
$1852
$j564
462#0$100178a475cd-a47d-4377-bff3-cee4b81de655
$12001
$aОпись дел фонда А. Ф. Кони за 1880-1931 гг.
$1251
$cОпись
$1852
$j1
517##$aПисьмо Станиславского К. Кони Анатолию Федоровичу
600#1$aКони
$bА. Ф.
$f1844-1927
$gАнатолий Федорович
600#1$aСтаниславский
$bК. С.
$f1863-1938
$gКонстантин Сергеевич
801#0$aRU
$bGA_RF
801#1$aRU
$bНПО Опыт
$c20130529
$2rusmarc
801#2$aRU
$bПБ им. Б.Н. Ельцина
$c20140115
$gRCR
$2rusmarc
852##$aГА РФ
$j3280
937##$d42805220
$hПБ
035##$aRuPRLIB51005339
Формат отображения